El prólogo en el Renacimiento español / (Registro nro. 122907)

Detalles MARC
000 -LEADER
campo de control de longitud fija 00923nam a2200229 4500
001 - NÚMERO DE CONTROL
campo de control 122907
003 - IDENTIFICADOR DE NÚMERO DE CONTROL
campo de control ES-MaACL
005 - FECHA Y HORA DE LA ÚLTIMA TRANSACCIÓN
campo de control 20260215172934.0
007 - CAMPO FIJO DE DESCRIPCIÓN FÍSICA--INFORMACIÓN GENERAL
campo de control de longitud fija t|
008 - DATOS DE LONGITUD FIJA--INFORMACIÓN GENERAL
campo de control de longitud fija 070214s1965 sp r ||||0| spa d
245 03 - MENCIÓN DEL TÍTULO
Título El prólogo en el Renacimiento español /
Mención de responsabilidad, etc. Alberto Porqueras Mayo, [selección y estudio].
260 ## - PUBLICACIÓN, DISTRIBUCIÓN, ETC.
Lugar de publicación, distribución, etc. Madrid :
Nombre del editor, distribuidor, etc. Consejo Superior de Investigaciones Científicas :
-- Instituto Miguel de Cervantes de Filología Hispanica,
Fecha de publicación, distribución, etc. 1965.
300 ## - DESCRIPCIÓN FÍSICA
Extensión IX, 244 p ;
Dimensiones 25 cm.
490 1# - MENCIÓN DE SERIE
Mención de serie Anejos de Revista de Literatura ;
Designación de volumen o secuencia 24
700 1# - ENTRADA AGREGADA--NOMBRE PERSONAL
Nombre de persona Porqueras Mayo, Alberto,
Fechas asociadas al nombre 1930-2003
9 (RLIN) 242807
710 2# - ENTRADA AGREGADA--NOMBRE DE ENTIDAD CORPORATIVA
Nombre de entidad corporativa o nombre de jurisdicción como elemento de entrada Consejo Superior de Investigaciones Científicas (España)
9 (RLIN) 3236
710 2# - ENTRADA AGREGADA--NOMBRE DE ENTIDAD CORPORATIVA
Nombre de entidad corporativa o nombre de jurisdicción como elemento de entrada Instituto "Miguel de Cervantes"
9 (RLIN) 5133
830 0# - PUNTO DE ACCESO ADICIONAL DE SERIE-TÍTULO UNIFORME
Título uniforme Anejos de Revista de Literatura ;
Designación de volumen o secuencia 24
9 (RLIN) 182587
852 ## - LOCALIZACIÓN
Ubicación ES-MaACL
Número de control de estantería C-28070
Sublocalización o colección R.57488
852 ## - LOCALIZACIÓN
Ubicación ES-MaACL
Número de control de estantería C-32247
Sublocalización o colección R.62700
Existencias
Estatus retirado Estado de pérdida Estado de daño No para préstamo Biblioteca de origen Biblioteca actual Ubicación en estantería Fecha de adquisición Fuente de adquisición Total de préstamos Signatura topográfica completa Código de barras Visto por última vez Precio de reemplazo Tipo de ítem Koha
        Biblioteca del Ateneo de Madrid Biblioteca del Ateneo de Madrid Depósito 2 17/01/2008     C-32247 1128073 23/02/2023 23/02/2023 Libro impreso
        Biblioteca del Ateneo de Madrid Biblioteca del Ateneo de Madrid Depósito 2 17/01/2008     C-28070 1128072 23/02/2023 23/02/2023 Libro impreso